[Event "AUTO-OPEN-1046"]
[Site "http://www.queenalice.com/game.php?id=367215"]
[Date "2008.3.7"]
[Round "1"]
[White "RIVAS"]
[Black "marxal"]
[Result "0-1"]
[WhiteElo "2054"]
[BlackElo "2124"]

1. e4 e5 2. f4 exf4 3. Nf3 Nc6 4. d4 Nf6 5. Nc3 Bb4 6. Bd3 d6 7. Bxf4 Bg4 8. Be3
Qe7 9. O-O Bxc3 10. bxc3 Nxe4 11. Bxe4 Qxe4 12. Qd3 Qxd3 13. cxd3 O-O 14. Ng5
Be2 15. Rfe1 Bxd3 16. Red1 Bf5 17. Rac1 h6 18. Nf3 Rae8 19. Bf2 Bg4 20. Re1 Bxf3
21. gxf3 f5 22. f4 Re4 23. Rxe4 fxe4 24. Be3 Ne7 25. Rb1 Nd5 26. Bd2 e3 27. Be1
b6 0-1

[Event "AUTO-OPEN-1046"]
[Site "http://www.queenalice.com/game.php?id=367216"]
[Date "2008.3.7"]
[Round "1"]
[White "marxal"]
[Black "RIVAS"]
[Result "1-0"]
[WhiteElo "2043"]
[BlackElo "1996"]

1. d4 Nf6 2. c4 g6 3. Nc3 Bg7 4. e4 d6 5. f4 O-O 6. Bd3 e5 7. dxe5 dxe5 8. Nf3
exf4 9. Bxf4 c6 10. e5 Nh5 11. Bg5 f6 12. exf6 Bxf6 13. Bxf6 Nxf6 14. Qd2 Re8+
15. Ne2 Ne4 16. Bxe4 Qb6 17. Qc2 Qe3 18. Bxg6 hxg6 19. Qxg6+ Kh8 20. Nd4 c5 21.
Qh5+ Kg8 22. Nc2 Qe7 23. O-O Qg7 24. Qxe8+ 1-0

[Event "Challenge"]
[Site "http://www.queenalice.com/game.php?id=367557"]
[Date "2008.3.8"]
[Round "-"]
[White "szejki"]
[Black "marxal"]
[Result "1-0"]
[WhiteElo "2055"]
[BlackElo "2082"]

1. d4 Nf6 2. c4 g6 3. Nc3 Bg7 4. e4 d6 5. Nf3 O-O 6. Be2 b6 7. O-O Bb7 8. b4
Nxe4 9. Nxe4 Bxe4 10. Be3 Nd7 11. Nd2 Bb7 12. Rb1 c6 13. Bf3 e5 14. d5 cxd5 15.
cxd5 f5 16. Nc4 e4 17. Be2 f4 18. Bc1 Qc7 19. Re1 f3 20. gxf3 exf3 21. Bf1 Rf5
22. Ne3 Rg5+ 23. Kh1 a5 24. Bh3 Bc3 25. Be6+ Kg7 26. Bd2 axb4 27. Qc1 Nc5 28.
Bxc3+ bxc3 29. Qxc3+ Re5 30. Rbc1 Ra4 31. Ng4 Rxg4 32. Bxg4 Bxd5 33. Rxe5 dxe5
34. a3 Kg8 35. Bxf3 e4 36. Qd4 Qf7 37. Bg2 Qf5 38. Kg1 Qg5 39. Rd1 Bb7 40. Qd6
Kg7 41. Qg3 Qf6 42. Bf1 Qb2 43. Qc7+ Kh6 44. Qf4+ Kh5 45. Qe3 Kg4 46. Be2+ Kf5
47. h4 Kf6 48. Qg5+ Kf7 49. Bc4+ Kg7 50. Rd8 1-0

[Event "Barcelona V Arsenal"]
[Site "http://www.queenalice.com/game.php?id=369212"]
[Date "2008.3.11"]
[Round "-"]
[White "marxal"]
[Black "Football_rules"]
[Result "1-0"]
[WhiteElo "1844"]
[BlackElo "1497"]

1. d4 d5 2. c4 dxc4 3. e4 Nf6 4. e5 Ne4 5. Bxc4 e6 6. Ne2 Bb4+ 7. Nbc3 Nxc3 8.
bxc3 Ba5 9. O-O a6 10. Qd3 Nc6 11. Qg3 g6 12. Bg5 Ne7 13. Bf6 Rg8 14. Qh3 b5 15.
Bd3 Bb7 16. Qxh7 Qd5 17. f3 Qd7 18. Be4 Bxe4 19. fxe4 O-O-O 20. Qxf7 Bxc3 21.
Nxc3 Qxd4+ 22. Kh1 Qxc3 23. Bxe7 Rdf8 24. Bxf8 Rh8 25. Qxe6+ Kb8 26. Rac1 Qe3
27. Qc6 Qxe4 28. Qxc7+ Ka8 29. Rf7 Rxh2+ 30. Kxh2 1-0

[Event "marx/tech 1"]
[Site "http://www.queenalice.com/game.php?id=372964"]
[Date "2008.3.18"]
[Round "-"]
[White "marxal"]
[Black "technicaldraw"]
[Result "1-0"]
[WhiteElo "1862"]
[BlackElo "2053"]

1. d4 Nf6 2. c4 e6 3. Nf3 b6 4. g3 Ba6 5. Nbd2 Bb7 6. Bg2 Be7 7. O-O O-O 8. b3
d5 9. Bb2 a5 10. cxd5 Nxd5 11. e4 Nb4 12. a3 Nd3 13. Bc3 Ba6 14. Nc4 1-0

[Event "Challenge"]
[Site "http://www.queenalice.com/game.php?id=376329"]
[Date "2008.3.24"]
[Round "-"]
[White "marxal"]
[Black "KLEOJ"]
[Result "1-0"]
[WhiteElo "2041"]
[BlackElo "2055"]

1. d4 d5 2. c4 Nc6 3. Nf3 Bg4 4. cxd5 Bxf3 5. dxc6 Bxc6 6. Nc3 Nf6 7. Bg5 e6 8.
e4 h6 9. d5 exd5 10. exd5 Qe7+ 11. Be2 O-O-O 12. Bxf6 Qxf6 13. O-O Bb4 14. Qb3
Bxc3 15. dxc6 Qxc6 16. Bf3 Qb6 17. bxc3 Qxb3 18. axb3 a6 19. Rfd1 c6 20. Rxd8+
Rxd8 21. Rd1 Rxd1+ 22. Bxd1 Kc7 23. f4 Kd6 24. Kf2 Ke6 25. Ke3 c5 26. Bf3 b6 27.
g3 Kd6 28. Be2 b5 29. g4 Ke6 30. c4 b4 31. Bd3 g6 32. f5+ gxf5 33. Bxf5+ Ke5 34.
Bd3 a5 35. Be4 Kf6 36. Kf4 Ke6 37. h4 f6 38. Bd5+ Ke7 39. Kf5 a4 40. bxa4 b3 41.
a5 b2 42. Be4 1-0

[Event "Challenge"]
[Site "http://www.queenalice.com/game.php?id=379807"]
[Date "2008.3.31"]
[Round "-"]
[White "marxal"]
[Black "aurorazzbcn"]
[Result "1/2-1/2"]
[WhiteElo "2144"]
[BlackElo "1794"]

1. d4 d5 2. c4 c6 3. Nf3 Nf6 4. g3 Bg4 5. Qb3 Bxf3 6. Qxf3 dxc4 7. a4 Qxd4 8.
Nc3 Nd5 9. e3 Qf6 10. Qxf6 Nxf6 11. Bxc4 e6 12. O-O Nd5 13. Bd2 Be7 14. e4 Nb6
15. Be2 N8d7 16. a5 Nc8 17. Rfd1 Nd6 18. Be3 O-O 19. Rxd6 Bxd6 20. Rd1 Bc5 21.
Rxd7 Bxe3 22. fxe3 Rab8 23. Na4 Rfd8 24. Rc7 Kf8 25. Nc5 Ke8 26. Rxb7 Rxb7 27.
Nxb7 Rd2 28. Kf2 Rxb2 29. Nd6+ Kf8 30. a6 Rb8 31. e5 Ke7 32. Nb7 Kd7 33. Bc4 Kc7
34. e4 Kb6 1/2-1/2

[Event "Challenge"]
[Site "http://www.queenalice.com/game.php?id=389215"]
[Date "2008.4.17"]
[Round "-"]
[White "marxal"]
[Black "Plotnnikov"]
[Result "0-1"]
[WhiteElo "2157"]
[BlackElo "2197"]

1. d4 d5 2. c4 e6 3. Nf3 Nf6 4. g3 Be7 5. Bg2 O-O 6. Nc3 Nbd7 7. cxd5 exd5 8.
Bf4 c6 9. O-O Nh5 10. Bd2 Nhf6 11. Qc2 Re8 12. Bf4 Nf8 13. Ne5 Ng6 14. Nxg6 hxg6
15. Qb3 Qb6 16. Qxb6 axb6 17. a3 Bf5 18. f3 b5 19. e4 Be6 20. Rfe1 b4 21. axb4
Bxb4 22. Rec1 Red8 23. Bc7 Rdc8 24. Bf4 Rd8 25. Bg5 dxe4 26. Rxa8 Rxa8 27. fxe4
Ra5 28. Bd2 Bb3 29. Be3 Bc4 30. h3 Nd7 31. Bf3 Bb3 32. Bf4 Ra8 33. Be2 Nb6 34.
Kh2 f6 35. Bd3 g5 36. Be3 Nc4 37. Bxc4+ Bxc4 38. e5 Kf7 39. Rd1 Ke6 40. Re1 Ra2
41. Nxa2 Bxe1 42. Nc3 fxe5 43. dxe5 Kxe5 44. Bxg5 Kd4 45. Bf4 Bxc3 46. bxc3+
Kxc3 47. Be5+ Kc2 48. Bxg7 b5 49. Bf8 Kc3 50. Bg7+ Kb3 51. h4 Be2 52. Kg1 c5 53.
Kf2 Bh5 54. Ke3 b4 55. Kf4 c4 56. Kg5 c3 0-1

[Event "Challenge"]
[Site "http://www.queenalice.com/game.php?id=389216"]
[Date "2008.4.17"]
[Round "-"]
[White "marxal"]
[Black "dhoang"]
[Result "1-0"]
[WhiteElo "2070"]
[BlackElo "2038"]

1. Nf3 d5 2. d4 Nf6 3. c4 c6 4. e3 e6 5. Nc3 Be7 6. Bd3 O-O 7. O-O Nbd7 8. Bd2
dxc4 9. Bxc4 Nd5 10. Qb3 N7b6 11. Bd3 Nxc3 12. Qxc3 Nd5 13. Qc2 h6 14. Ne5 Nb4
15. Bxb4 Bxb4 16. Rac1 Bd6 17. Nc4 Re8 18. Bh7+ Kh8 19. Be4 e5 20. Rfd1 Qf6 21.
Nxd6 Qxd6 22. d5 cxd5 23. Rxd5 Qb6 24. b3 Bg4 25. h3 Rac8 26. Rxe5 Be6 27. Qxc8
1-0

[Event "Challenge"]
[Site "http://www.queenalice.com/game.php?id=389217"]
[Date "2008.4.17"]
[Round "-"]
[White "marxal"]
[Black "rmiglior"]
[Result "1/2-1/2"]
[WhiteElo "2073"]
[BlackElo "2039"]

1. Nf3 c5 2. e4 d6 3. Nc3 Nf6 4. Bc4 e6 5. d4 cxd4 6. Nxd4 Nc6 7. Bg5 Be7 8. O-O
O-O 9. Qd2 Nxe4 10. Nxe4 Bxg5 11. Nxg5 Nxd4 12. Qxd4 Qxg5 13. Qxd6 Rd8 14. Qc7
Rd7 15. Qg3 Qxg3 16. hxg3 Kf8 17. Rfe1 b6 18. Red1 Rxd1+ 1/2-1/2

[Event "Challenge"]
[Site "http://www.queenalice.com/game.php?id=396409"]
[Date "2008.5.1"]
[Round "-"]
[White "marxal"]
[Black "KLEOJ"]
[Result "1-0"]
[WhiteElo "2096"]
[BlackElo "2105"]

1. b4 e5 2. a3 Nf6 3. Bb2 e4 4. Bxf6 Qxf6 5. Nc3 Qe5 6. d4 exd3 7. Qxd3 d6 8.
Nf3 Qf6 9. Qd4 Qg6 10. Nd5 Qxc2 11. Qe3+ Be6 12. Rc1 Qxc1+ 13. Qxc1 Bxd5 14.
Qxc7 Nd7 15. e3 Bc6 16. Nd4 Be7 17. Nxc6 bxc6 18. Qxc6 Rd8 19. Bb5 O-O 20. Qb7
1-0

[Event "Challenge"]
[Site "http://www.queenalice.com/game.php?id=402071"]
[Date "2008.5.12"]
[Round "-"]
[White "marxal"]
[Black "KLEOJ"]
[Result "1-0"]
[WhiteElo "2101"]
[BlackElo "2108"]

1. d4 d5 2. c4 Nc6 3. Nf3 Bg4 4. cxd5 Bxf3 5. dxc6 Bxc6 6. Nc3 e6 7. e3 Nf6 8.
Bd2 Be7 9. f3 O-O 10. Bc4 Nh5 11. O-O Bd6 12. Ne4 Bxh2+ 13. Kxh2 Qh4+ 14. Kg1
Bxe4 15. fxe4 Ng3 16. Rf4 Qh6 17. Rg4 Nh5 18. e5 g6 19. Qb3 b6 20. Qb5 Ng7 21.
Qc6 a5 22. Rf4 Rad8 23. Rc1 Nf5 24. Qxc7 Ng3 25. Qxb6 Rb8 26. Qxa5 Rxb2 27. Qc3
Rfb8 28. Rg4 Nf5 29. Bb3 Rxd2 30. Qxd2 Nxe3 31. Rg3 1-0

[Event "Challenge"]
[Site "http://www.queenalice.com/game.php?id=408089"]
[Date "2008.5.25"]
[Round "-"]
[White "marxal"]
[Black "Catao"]
[Result "1-0"]
[WhiteElo "2141"]
[BlackElo "2094"]

1. d4 Nf6 2. c4 e6 3. Nf3 d5 4. Bg5 Be7 5. e3 Nbd7 6. Nc3 c6 7. Bd3 O-O 8. O-O
dxc4 9. Bxc4 Nd5 10. Bxe7 Qxe7 11. Qd2 N7f6 12. Ne5 Nd7 13. e4 Nxe5 14. dxe5
Nxc3 15. Qxc3 b5 16. Bd3 Bd7 17. Rac1 a5 18. Rfd1 Rfc8 19. Qc5 Qxc5 20. Rxc5 Be8
21. f4 Rd8 22. Kf2 Kf8 23. b3 b4 24. Ke3 Ke7 25. Rc4 Rdc8 26. g4 c5 27. Rdc1 a4
28. Rxc5 Rxc5 29. Rxc5 axb3 30. axb3 Ra3 31. Bc4 Ra7 32. Rc8 Rb7 33. f5 Bd7 34.
Rg8 f6 35. Rxg7+ 1-0

[Event "Challenge"]
[Site "http://www.queenalice.com/game.php?id=408176"]
[Date "2008.5.26"]
[Round "-"]
[White "marxal"]
[Black "KLEOJ"]
[Result "1-0"]
[WhiteElo "2141"]
[BlackElo "2081"]

1. c4 e5 2. Nc3 f5 3. e4 Nf6 4. exf5 Be7 5. Nf3 Nc6 6. d4 exd4 7. Nxd4 O-O 8.
Nxc6 dxc6 9. Bd3 Qd4 10. O-O Qh4 11. Qb3 c5 12. Be3 Bd6 13. h3 Ng4 14. Ne4 Bh2+
15. Kh1 Rxf5 16. Bg5 Rxg5 17. Nxg5 Qxg5 18. Be4 Bd6 19. hxg4 Bxg4 20. Kg1 Qf4
21. Bd5+ Kh8 22. g3 Qh6 23. Qxb7 Rf8 24. Rfe1 Qd2 25. f4 Qd4+ 26. Kh2 Qf2+ 27.
Bg2 h5 28. Rf1 Qd4 29. Bf3 Rxf4 30. Rad1 Qe3 31. Rde1 Qd4 32. Re8+ Kh7 33. Be4+
Bf5 34. Rxf4 Qd2+ 35. Kg1 Qe3+ 36. Kg2 g6 37. Qd5 Qe2+ 38. Rf2 1-0

[Event "Challenge"]
[Site "http://www.queenalice.com/game.php?id=409966"]
[Date "2008.5.29"]
[Round "-"]
[White "cleriston"]
[Black "marxal"]
[Result "1-0"]
[WhiteElo "2123"]
[BlackElo "2138"]

1. e4 Nf6 2. e5 Nd5 3. c4 Nb6 4. c5 Nd5 5. d4 d6 6. cxd6 exd6 7. Nf3 dxe5 8.
dxe5 Bb4+ 9. Bd2 O-O 10. Bc4 Nc6 11. O-O Bg4 12. Qb3 Na5 13. Qd3 Nxc4 14. Qxc4
Bxf3 15. Bxb4 Qg5 16. g3 Nxb4 17. Qxb4 Qxe5 18. Nd2 Bc6 19. Rad1 Qd5 20. f3 Qxa2
21. Nc4 a5 22. Qc3 Bb5 23. Rd4 c5 24. Rg4 1-0

[Event "Challenge"]
[Site "http://www.queenalice.com/game.php?id=409968"]
[Date "2008.5.29"]
[Round "-"]
[White "marxal"]
[Black "cleriston"]
[Result "0-1"]
[WhiteElo "2156"]
[BlackElo "2110"]

1. d4 Nf6 2. c4 g6 3. Nc3 Bg7 4. e4 d6 5. f4 O-O 6. Bd3 c5 7. dxc5 dxc5 8. e5
Ng4 9. Nge2 Nc6 10. O-O e6 11. Be4 Qh4 12. h3 f5 13. Bxc6 bxc6 14. hxg4 fxg4 15.
Ne4 Rf5 16. Qd6 a5 17. g3 Qh3 18. Rf2 Rh5 19. Qd8+ Bf8 0-1